008100000a22002050004500090001400000245008200014650003900096650002200135650002400157651003500181041001300216700002900229700003000258700002700288100002500315942001300340773007600353999001700429952015800446 aARb0245810aNotes on the distribution and natural history of bats in southeastern Montana14aDistribución geográfica99299714aEcología99225014aMurciélagos92659 4dMontanapEstados Unidos9927490 aInglés1 aLampe, Richard P.9959921 aSpenrath, Curis A.9959931 aKunz, Thomas H.9948011 aJones, J. Knox99498 cARTICULO1 tOccasional Papers: Museum of Texas Tech University3430h15q1-12d1973 c11525d11525 001040718HEMEROTECAaBogotabBogotad2015-02-27hFuera de circulaciónl0oAR 02458p012865r2015-03-25 00:00:00t1w2015-03-25xDonaciónyARTICULO